000 00494nam a2200181Ia 4500
020 _a(pbk)
082 _a297
_bKIF
100 _aKufayatullah- Mufti
_947023
245 _aBasic Islamic teachings
_bBeliefs
250 _a2nd ed.
260 _aIslamabad
_bDa'wah Academy
_c1998
300 _a45p
526 _a0
_b0
_c0
_d297_000000000000000_KIF
526 _a0
_b0
_c0
_d297_000000000000000_KIF
526 _a0
_b0
_c0
_d297_000000000000000_KIF
650 _aIslam -- Doctrines
942 _2ddc
_cBK
999 _c550324
_d550324